00582nam a2200193 a 450000100100000000500170001000800410002702000150006804000250008308200150010810000190012324500380014225000120018026000450019230000350023749000220027250000700029483000240036400004507820201002045847.0150202s1988 sp ac 000 0 spa d a8486675480 aDO-SdBNPbspacBNPHU axxxxbxxxx1 aCacho, Jesús10aAsalto al poder /cJesús Cacho. a7a. ed. aMadrid :bEdiciones Temas de Hoy,c1988. a559 p :bil., retrs. ;c22 cm.1 aHombres de hoyv3 aIncluye datos biográficos del autor en la solapa de la cubierta 0aHombres de hoy ;n3